| 000 | 00963cam a2200289 i 4500 | ||
|---|---|---|---|
| 001 | 19603877 | ||
| 003 | OSt | ||
| 005 | 20230822114358.0 | ||
| 008 | 170420s2018 nyu b 001 0 eng | ||
| 010 | _a 2017013354 | ||
| 020 | _a9788194113850 | ||
| 040 |
_aDLC _beng _cDLC _erda _dDLC |
||
| 042 | _apcc | ||
| 050 | 0 | 0 |
_aHG4521 _b.B564 2018 |
| 082 | 0 | 0 |
_a332.6 _bBOD/I |
| 100 |
_aBodie, Zvi _eauthor. _91044 |
||
| 245 | 1 | 0 |
_aInvestments / _cZvi Bodie, Boston University, Alex Kane, University of California, San Diego, Alan J. Marcus, Boston College. |
| 250 | _aEleventh edition. | ||
| 264 | 1 |
_aNew York, NY : _bMcGraw-Hill Education, _c[2018] |
|
| 300 | _a977 pages ; | ||
| 504 | _aIncludes bibliographical references and indexes. | ||
| 650 | 0 | _aInvestments. | |
| 650 | 0 | _aPortfolio management. | |
| 700 | 1 |
_aKane, Alex, _d1942- _eauthor. |
|
| 700 | 1 |
_aMarcus, Alan J., _eauthor. |
|
| 942 |
_2ddc _cBK _h332.6 _iBOD/I _k332.6 _mBOD/I |
||
| 999 |
_c41941 _d41941 |
||